World Series Losers (1903-2021) - Statistics

General Stats
  • This quiz has been taken 252 times
    91 since last reset
  • The average score is 33 of 118
Answer Stats
Year Answer % Correct
2022 Phillies
92%
2021 Astros
90%
2020 Rays
90%
2018 Dodgers
89%
2016 Indians
87%
2019 Astros
84%
2017 Dodgers
84%
2015 Mets
82%
2014 Royals
80%
2011 Rangers
66%
2010 Rangers
64%
2012 Tigers
61%
2009 Phillies
59%
2007 Rockies
54%
2008 Rays
52%
2001 Yankees
52%
2005 Astros
51%
2002 Giants
51%
2000 Mets
51%
1999 Braves
49%
1997 Indians
49%
1995 Indians
49%
2003 Yankees
49%
1996 Braves
48%
1998 Padres
48%
2006 Tigers
48%
1993 Phillies
44%
1992 Braves
39%
1991 Braves
39%
1986 Red Sox
39%
1989 Giants
38%
1990 A's
36%
1988 A's
36%
1976 Yankees
36%
1978 Dodgers
33%
1977 Dodgers
33%
1984 Padres
33%
1975 Red Sox
33%
1981 Yankees
33%
1982 Brewers
31%
1969 Orioles
31%
1979 Orioles
30%
1983 Phillies
30%
1971 Orioles
26%
1980 Royals
26%
1974 Dodgers
25%
2013 Cards
23%
2004 Cards
23%
1973 Mets
23%
1972 Reds
23%
1970 Reds
21%
1987 Cards
20%
1985 Cards
20%
1955 Yankees
20%
1967 Red Sox
18%
1963 Yankees
18%
1905 A's
16%
1956 Dodgers
16%
1965 Twins
16%
1964 Yankees
16%
1960 Yankees
16%
1957 Yankees
16%
1931 A's
15%
1968 Cards
15%
1953 Dodgers
15%
1952 Dodgers
15%
1962 Giants
15%
1951 Giants
15%
1954 Indians
15%
1946 Red Sox
15%
1959 White Sox
15%
1919 White Sox
15%
1922 Yankees
15%
1958 Braves
13%
1944 Browns
13%
1945 Cubs
13%
1932 Cubs
13%
1966 Dodgers
13%
1949 Dodgers
13%
1923 Giants
13%
1913 Giants
13%
1912 Giants
13%
1911 Giants
13%
1908 Tigers
13%
1926 Yankees
13%
1914 A's
11%
1928 Cards
11%
1910 Cubs
11%
1947 Dodgers
11%
1924 Giants
11%
1950 Phillies
11%
1927 Pirates
11%
1961 Reds
11%
1940 Tigers
11%
1909 Tigers
11%
1907 Tigers
11%
1942 Yankees
11%
1921 Yankees
11%
1948 Braves
10%
1943 Cards
10%
1935 Cubs
10%
1918 Cubs
10%
1906 Cubs
10%
1941 Dodgers
10%
1937 Giants
10%
1936 Giants
10%
1917 Giants
10%
1915 Phillies
10%
1939 Reds
10%
1933 Senators
10%
1925 Senators
10%
1934 Tigers
10%
1930 Cards
8%
1938 Cubs
8%
1929 Cubs
8%
1903 Pirates
8%
1920 Robins
8%
1916 Robins
8%
No matching quizzes found
Score Distribution
Percent of People with Each Score
Percentile by Number Answered
Your Score History
You have not taken this quiz since the last reset